Sports Quiz

Random Sports or Europe Quiz

European Stanley Cup Winners Quiz Stats

 Plays Quiz Updated Jun 25, 2018

Challenge
Share
Tweet
Embed
Score 0/149 Timer 19:00
1 Play Today
Country Player % Correct
SWENicklas Lidström
74.6%
CZEJaromir Jagr
71%
SWEHenrik Zetterberg
68.5%
SLKZdeno Chara
67.5%
FINJari Kurri
66.7%
RUSPavel Datsyuk
65.3%
RUSSergei Fedorov
65%
SWEPeter Forsberg
64.3%
RUSAlex Ovechkin
64.1%
FINTeemu Selänne
63.3%
SLKMarian Hossa
62.7%
RUSEvgeni Malkin
62%
CZEDominik Hasek
60.1%
CZEPatrik Elias
56%
FINAntti Niemi
52.1%
FINTuukka Rask
52%
RUSIgor Larionov
50.1%
CZEMilan Hejduk
49.7%
RUSNikolai Khabibulin
49.2%
RUSSergei Zubov
49.2%
SWETomas Holmström
49.1%
SWENicklas Backstrom
47%
RUSAlexei Kovalev
46.4%
RUSVladimir Konstantinov
46.2%
RUSVyacheslav Fetisov
45.3%
SWEJohan Franzen
44.9%
SWIDavid Aebischer
44.5%
CZEDavid Krejci
44%
SVNAnze Kopitar
43.8%
FRACristobal Huet
43.3%
RUSSergei Gonchar
42.6%
SWENiklas Kronwall
42.5%
SWEUlf Samuelsson
41.9%
UKRRuslan Fedotenko
41.9%
SWEMikael Samuelsson
41.9%
SWEKjell Samuelsson
41.9%
FINEsa Tikkanen
41%
SWENiklas Hjalmarsson
40.3%
RUSVyacheslav Kozlov
40%
GERUwe Krupp
37.5%
CZETomas Kaberle
37.4%
CZEFrantisek Kaberle
37.4%
SWEMats Näslund
36.9%
RUSEvgeny Kuznetsov
36.8%
FINJere Lehtinen
36.4%
GERDennis Seidenberg
36.1%
CZEPetr Sykora
35.7%
RUSIlya Bryzgalov
35.6%
FINValtteri Filppula
34.7%
LATSandis Ozolinsh
34.1%
Country Player % Correct
CZEBobby Holik
33.7%
SWIMartin Gerber
31.9%
RUSAlexander Mogilny
31%
SWEHakan Loob
29.2%
DENLars Eller
28.4%
RUSDmitry Orlov
27.9%
SWEKent Nilsson
27.8%
RUSValeri Kamensky
27.7%
CZEJiri Hudler
27.7%
SLKMiroslav Satan
27.4%
SWEPatric Hornqvist
26.6%
CZEPavel Kubina
26.2%
CZEPetr Klima
25.5%
RUSSergei Brylin
25.3%
SWEFredrik Modin
25.2%
SLKMarian Gaborik
25%
SWESamuel Pahlsson
24.5%
SLKTomas Kopecky
23.9%
SWEJonathan Ericsson
23.2%
SWECarl Hagelin
22.7%
UKSteve Smith
22.3%
SWEAnders Eriksson
22.3%
UKAlex Smith
22.3%
CZERoman Turek
21.9%
FINOlli Maatta
21.5%
SWEJohnny Oduya
21.5%
SWETomas Sandström
21.2%
SWETomas Jonsson
20.9%
RUSSlava Voynov
20.8%
RUSSergei Nemchinov
20.1%
SWETommy Albelin
20.1%
CZEMichal Kempny
18.6%
AUTAndre Burakovsky
17.8%
FINVille Nieminen
17.5%
CZEJiri Fischer
17.4%
SWEAndreas Lilja
17.3%
CZEJakub Vrana
16.8%
POLKrzysztof Oliwa
16.8%
FINKimmo Timonen
16.2%
SWEKim Johnsson
15.7%
SWEMarcus Kruger
15.7%
FINReijo Ruotsalainen
15.3%
SWENiclas Wallin
14.8%
CZEJiri Slegr
14.8%
RUSVladimir Malakhov
14.8%
RUSAlexei Gusarov
14.5%
FINAntti Raanta
14.5%
CZEJiri Hrdina
14.5%
CZEPetr Svoboda
14.5%
SWEChristian Djoos
14.5%
Country Player % Correct
RUSOleg Tverdovsky
14.5%
SLKMichal Handzus
13.5%
UKNathan Walker
13.4%
SWEFredrik Olausson
13.3%
SWIMark Streit
13.2%
RUSValeri Zelepukin
12.9%
SWEStefan Persson
12.8%
CZEJosef Vasicek
12.4%
GERTom Kuhnhackl
12%
FINTeuvo Teravainen
11.5%
SWEWilly Lindström
11.4%
RUSDmitry Afanasenkov
11.1%
CZEJakub Jerabek
10.8%
RUSDmitri Mironov
10.5%
UKRAnton Babchuk
10.2%
CZEMichal Rozsival
10.2%
RUSAlexander Karpovtsev
10.2%
CZEMartin Skoula
9.7%
SWEAnders Kallur
9%
SWEKjell Dahlin
8.2%
SLKMartin Cibak
7.7%
CZEMichael Frolik
7.5%
SLKJiri Bicek
6.3%
CZEStanislav Neckar
6.3%
NLDDaniel Sprong
6%
UKKen Hodge
5.9%
SWEViktor Stalberg
5.8%
CZERichard Smehlik
5.5%
CZEJaroslav Pouzar
5.4%
SWEOskar Sundqvist
4.9%
SWEJoakim Nordstrom
4.8%
UKJoe Hall
4.6%
SWEDavid Rundblad
4.3%
CZEDominik Simon
4.2%
RUSAndrei Loktionov
3.8%
DENPeter Regin
3.2%
SWEMats Hallin
2.9%
RUSSergei Plotnikov
2.3%
UKCharlie Gardiner
2.3%
SWEKlas Dahlbeck
1.9%
UKJack Evans
1.8%
GERRandy Gilhen
1.4%
UKFred Robertson
1%
UKAlex Gray
0.8%
UKJim McFadden
0.7%
UKGord Pettinger
0.7%
UKSammy McManus
0.6%
UKDunc Munro
0.6%
UKAndy Aitkenkead
0.5%

You're not logged in!

Compare scores with friends on all Sporcle quizzes.
Join for Free
OR
Log In

You Might Also Like...

Show Comments

Extras

Top Quizzes Today


Score Distribution

Your Account Isn't Verified!

In order to create a playlist on Sporcle, you need to verify the email address you used during registration. Go to your Sporcle Settings to finish the process.

Report this User

Report this user for behavior that violates our Community Guidelines.

Details: